000 00594nam a2200229Ia 4500
003 OSt
005 20220924152212.0
006 a|||||r|||| 00| 0
007 ta
008 220923b |||||||| |||| 00| 0 mar d
024 _a341517
037 _cTextual
040 _aARTS
_cARTS
_bmar
041 _2mar
_amar
082 _aO155,3NNIS,1, L6
100 _aShanta nisal
_9226106
245 0 _aBeghar
_b samajik kadambari
260 _c1976
650 _aMARATHI LITERATURE
_938000
942 _hO155,3NNIS,1, L6
_cTEXL
_2CC
999 _c469080
_d469080